000 01634nam a2200385Ia 4500
001 ebr10211304
003 CaPaEBR
006 m u
007 cr cn|||||||||
008 060518s2007 enk sb 001 0 eng d
010 _z 2006016621
020 _z9780754636731 (cased)
020 _z0754636739 (cased)
040 _aCaPaEBR
_cCaPaEBR
035 _a(OCoLC)320322785
050 1 4 _aRC773
_b.M56 2007eb
082 0 4 _a363.1196223340941
_222
245 0 0 _aMiners' lung
_h[electronic resource] :
_ba history of dust disease in British coal mining /
_cedited by Arthur McIvor and Ronald Johnston.
260 _aAldershot, Hant, England :
_bAshgate,
_cc2007.
300 _axviii, 355 p.
490 1 _aStudies in labour history
504 _aIncludes bibliographical references and index.
533 _aElectronic reproduction.
_bPalo Alto, Calif. :
_cebrary,
_d2009.
_nAvailable via World Wide Web.
_nAccess may be limited to ebrary affiliated libraries.
650 0 _aLungs
_xDust diseases
_zGreat Britain
_xHistory.
650 0 _aCoal miners
_xDiseases
_zGreat Britain
_xHistory.
650 0 _aCoal miners
_xHealth and hygiene
_zGreat Britain
_xHistory.
650 0 _aCoal mines and mining
_zGreat Britain
_xSafety measures
_xHistory.
650 0 _aMiners' phthisis
_zGreat Britain
_xHistory.
655 7 _aElectronic books.
_2local
700 1 _aMcIvor, Arthur.
700 1 _aJohnston, Ronald.
710 2 _aebrary, Inc.
830 0 _aStudies in labour history (Ashgate (Firm))
856 4 0 _uhttp://site.ebrary.com/lib/rucke/Doc?id=10211304
_zAn electronic book accessible through the World Wide Web; click to view
999 _c124754
_d124754